| 000 | 00690nam a2200217 a 4500 | ||
|---|---|---|---|
| 999 |
_c2168 _d2168 |
||
| 001 | 2168 | ||
| 003 | BD-JhCC | ||
| 005 | 20171030172217.0 | ||
| 008 | 171030s1392 bg |||| |||| 000 0 ben d | ||
| 035 | _a(BD-JhCC)2168 | ||
| 040 |
_aBD-JhCC _dBD-JhCC |
||
| 041 | _aben | ||
| 082 |
_a891.4409 _bJIB 1392 |
||
| 245 |
_aজীবনানন্দ সমগ্র / _cদেবেশ রায় |
||
| 260 |
_aকলকাতা : _bপ্রতিক্ষণ পাবলিকেশনস, _c১৩৯২. |
||
| 300 |
_a২৫০ পৃ. : _c২১ সেমি. |
||
| 650 | _acollection of literary works | ||
| 700 | _aদেবেশ রায় | ||
| 942 |
_2ddc _cBK |
||